<?xml version="1.0" encoding="UTF-8"?>
<record
    xmlns:xsi="http://www.w3.org/2001/XMLSchema-instance"
    xsi:schemaLocation="http://www.loc.gov/MARC21/slim http://www.loc.gov/standards/marcxml/schema/MARC21slim.xsd"
    xmlns="http://www.loc.gov/MARC21/slim">

  <leader>03457cam a22004454i 4500</leader>
  <controlfield tag="003">PE-LiUPU</controlfield>
  <controlfield tag="005">20250731165440.0</controlfield>
  <controlfield tag="008">160614s        pe a    rm    000 0 spa d</controlfield>
  <datafield tag="035" ind1=" " ind2=" ">
    <subfield code="a">(Sirsi) a157256</subfield>
  </datafield>
  <datafield tag="040" ind1=" " ind2=" ">
    <subfield code="a">PE-LiUPU</subfield>
    <subfield code="b">spa</subfield>
    <subfield code="c">PE-LiUPU</subfield>
    <subfield code="e">rda</subfield>
  </datafield>
  <datafield tag="099" ind1=" " ind2=" ">
    <subfield code="a">TC 2</subfield>
    <subfield code="b">C18 2013</subfield>
  </datafield>
  <datafield tag="100" ind1="1" ind2=" ">
    <subfield code="a">Cals&#xED;n Molleapaza, Jos&#xE9;,</subfield>
    <subfield code="e">autor</subfield>
  </datafield>
  <datafield tag="245" ind1="1" ind2=" ">
    <subfield code="a">Asociaci&#xF3;n de los niveles de satisfacci&#xF3;n laboral con el clima organizacional de los trabajadores de los centros de aplicaci&#xF3;n "Productos Uni&#xF3;n e Imprenta Uni&#xF3;n" de la Universidad Peruana Uni&#xF3;n 2013 /</subfield>
    <subfield code="c">Jos&#xE9; Cals&#xED;n Molleapaza.</subfield>
  </datafield>
  <datafield tag="264" ind1=" " ind2="0">
    <subfield code="c">2013.</subfield>
  </datafield>
  <datafield tag="300" ind1=" " ind2=" ">
    <subfield code="a">96 hojas : </subfield>
    <subfield code="b">ilustraciones;</subfield>
    <subfield code="c">30 cm</subfield>
  </datafield>
  <datafield tag="336" ind1=" " ind2=" ">
    <subfield code="a">text</subfield>
    <subfield code="2">rdacontent</subfield>
  </datafield>
  <datafield tag="337" ind1=" " ind2=" ">
    <subfield code="a">unmediated</subfield>
    <subfield code="2">rdamedia</subfield>
  </datafield>
  <datafield tag="338" ind1=" " ind2=" ">
    <subfield code="a">volume</subfield>
    <subfield code="2">rdacarrier</subfield>
  </datafield>
  <datafield tag="502" ind1=" " ind2=" ">
    <subfield code="a">Tesis</subfield>
    <subfield code="b">(Lic.) -- </subfield>
    <subfield code="c">Universidad Peruana Uni&#xF3;n,</subfield>
    <subfield code="d">2013.</subfield>
  </datafield>
  <datafield tag="504" ind1=" " ind2=" ">
    <subfield code="a">Incluye referencias</subfield>
  </datafield>
  <datafield tag="520" ind1="3" ind2=" ">
    <subfield code="a">El prop&#xF3;sito de este estudio fue determinar el grado de asociaci&#xF3;n entre la satisfacci&#xF3;n laboral y el clima organizacional de los centros de aplicaci&#xF3;n: Productos Uni&#xF3;n e Imprenta Uni&#xF3;n de la UPeU, ubicada en &#xD1;a&#xF1;a, Lurigancho - Chosica, del departamento de Lima-Per&#xFA;. El tipo de investigaci&#xF3;n es b&#xE1;sico con enfoque cuantitativo y un dise&#xF1;o no experimental, transversal, descriptivo y causal. El estudio estuvo conformado por una muestra de 150 trabajadores administrativos y operativos de ambos centros de aplicaci&#xF3;n. Para la recolecci&#xF3;n de datos se utilizaron t&#xE9;cnicas cuantitativas (instrumentos) para cada variable elaborada por el investigador y validado por expertos. Analizados y procesados los datos estad&#xED;sticamente se comprob&#xF3; la hip&#xF3;tesis principal que se&#xF1;alaba  que exist&#xED;a una asociaci&#xF3;n entre los niveles de satisfacci&#xF3;n laboral con el clima organizacional con un sig. = &lt;0.05, con un valor de 95l% de confianza y 0.05 de error. A nivel de hip&#xF3;tesis espec&#xED;fica se comprob&#xF3; que el clima organizacional, cuyas dimensiones son liderazgo, comunicaci&#xF3;n interna, participaci&#xF3;n relaciones interpersonales y compromiso, se asocia con la satisfacci&#xF3;n laboral en la dimensi&#xF3;n remuneraci&#xF3;n con un sig. =0,007 &lt; 0,05, en la dimensi&#xF3;n condiciones de trabajo con un sig. = 0,025 &lt; 0,05, en la dimensi&#xF3;n reconocimiento con un sig. = 0,004 &lt; 0,05; en la dimensi&#xF3;n caracter&#xED;sticas del trabajo con un sig. 0,001 &lt; 0,05, y en la dimensi&#xF3;n motivaci&#xF3;n con un sig. 0,000 &lt; 0,05. Se demostr&#xF3; que existe asociaci&#xF3;n con cada una de las dimensiones. El estudio concluy&#xF3; que existe un buen clima organizacional en un 72%; sin embargo, en cuanto a la satisfacci&#xF3;n laboral, los resultados evidenciaron un nivel medio en un 53%. Se recomendaron acciones t&#xE9;cnicas para fortalecer los niveles altos y mejorar o regular los niveles bajos de las dimensiones (comunicaci&#xF3;n interna, condiciones laborales, reconocimiento y remuneraci&#xF3;n) para contribuir al rendimiento y productividad de la organizaci&#xF3;n.</subfield>
  </datafield>
  <datafield tag="526" ind1=" " ind2=" ">
    <subfield code="a">SEG44</subfield>
  </datafield>
  <datafield tag="526" ind1=" " ind2=" ">
    <subfield code="a">SEG26</subfield>
  </datafield>
  <datafield tag="526" ind1=" " ind2=" ">
    <subfield code="a">P151</subfield>
  </datafield>
  <datafield tag="526" ind1=" " ind2=" ">
    <subfield code="a">P150</subfield>
  </datafield>
  <datafield tag="526" ind1=" " ind2=" ">
    <subfield code="a">P149</subfield>
  </datafield>
  <datafield tag="526" ind1=" " ind2=" ">
    <subfield code="a">P146</subfield>
  </datafield>
  <datafield tag="526" ind1=" " ind2=" ">
    <subfield code="a">P145</subfield>
  </datafield>
  <datafield tag="526" ind1=" " ind2=" ">
    <subfield code="a">P126</subfield>
  </datafield>
  <datafield tag="526" ind1=" " ind2=" ">
    <subfield code="a">P125</subfield>
  </datafield>
  <datafield tag="526" ind1=" " ind2=" ">
    <subfield code="a">P92</subfield>
  </datafield>
  <datafield tag="526" ind1=" " ind2=" ">
    <subfield code="a">P75</subfield>
  </datafield>
  <datafield tag="526" ind1=" " ind2=" ">
    <subfield code="a">P74</subfield>
  </datafield>
  <datafield tag="526" ind1=" " ind2=" ">
    <subfield code="a">P27</subfield>
  </datafield>
  <datafield tag="526" ind1=" " ind2=" ">
    <subfield code="a">P15</subfield>
  </datafield>
  <datafield tag="650" ind1="1" ind2="4">
    <subfield code="a">Satisfacci&#xF3;n laboral</subfield>
    <subfield code="x">Clima organizacional.</subfield>
  </datafield>
  <datafield tag="596" ind1=" " ind2=" ">
    <subfield code="a">1</subfield>
  </datafield>
  <datafield tag="942" ind1=" " ind2=" ">
    <subfield code="2">ddc</subfield>
    <subfield code="c">TESIS</subfield>
  </datafield>
  <datafield tag="999" ind1=" " ind2=" ">
    <subfield code="a"> TC 2 C18 2013</subfield>
    <subfield code="w">ALPHANUM</subfield>
    <subfield code="c">9930</subfield>
    <subfield code="i">T01563</subfield>
    <subfield code="l">CCODEBUL3</subfield>
    <subfield code="m">BUL</subfield>
    <subfield code="r">1</subfield>
    <subfield code="s">Y</subfield>
    <subfield code="t">TESIS</subfield>
    <subfield code="u">2016-6-14</subfield>
    <subfield code="x">EDUCACION</subfield>
    <subfield code="P">P07</subfield>
    <subfield code="o">.STAFF. Tesis</subfield>
    <subfield code="d">9930</subfield>
  </datafield>
  <datafield tag="980" ind1=" " ind2=" ">
    <subfield code="8">1</subfield>
    <subfield code="g">ALBERTO SANCHEZ Responsable de Automatizaci&#xF3;n</subfield>
  </datafield>
  <datafield tag="952" ind1=" " ind2=" ">
    <subfield code="r">2022-07-06 00:00:00</subfield>
    <subfield code="l">0</subfield>
    <subfield code="o">TC 2 C18 2013</subfield>
    <subfield code="p">T01563</subfield>
    <subfield code="t">e1</subfield>
    <subfield code="w">2016-06-14</subfield>
    <subfield code="x">FACIHED</subfield>
    <subfield code="y">TESIS</subfield>
    <subfield code="z">Este &#xCD;tem NO se presta por ser Ejemplar #1.</subfield>
    <subfield code="1">0</subfield>
    <subfield code="2">ddc</subfield>
    <subfield code="7">1</subfield>
    <subfield code="8">TESIS</subfield>
    <subfield code="f">P07</subfield>
    <subfield code="a">BUL</subfield>
    <subfield code="b">BUL</subfield>
    <subfield code="c">TESIS</subfield>
    <subfield code="d">2016-06-14</subfield>
  </datafield>
</record>
